000 00675nam a2200289Ia 4500
005 20260324115501.0
008 008 260324s9999 xx 000 0 eng d
020 _a9781315151694
037 _aEBOOK
040 _aCRL
040 _beng
040 _cCRL
041 _2eng
041 _aeng
084 _qCRL
100 _aMeredith Zozus
_91154838
245 4 _aThe Data Book
245 0 _bCollection and Management of Research Data
260 _bTaylor and Francis
260 _c2017
365 _a
365 _b180
856 _uhttp://www.taylorfrancis.com/books/9781315151694
942 _cEBOOK
999 _c1745753
_d1745753